000 00756nam a22002417a 4500
003 UA-OsUOA
001 120916
007 ta
008 20170227b un ||||| |||| 00| 0 ukr d
100 _aКравців В.С.
700 _aСторонянська І.З.
700 _aЖук П.В.
090 _a330(477)
_bК78
942 _cSA
040 _aUA-OsUOA
_bukr
_cUA-OsUOA
_dUA-OsUOA
245 _aРеформування територіальної основи місцевого самоврядування в контексті його фінансової спроможності
300 _aС.41-52
955 _a0
041 _aukr
080 _a330(477)
773 0 _w120914
650 7 _a330 Економіка взагалі
_2UDC
999 _c407032
_d407032